00282pam a2200121 a 4500020000500000041000500005082001000010100004000020245004600060250000800106260003200114300001400146 c h a658.3 aBHATTACHARYYA (Dipak Kumar)eauthor aHuman Resource PlanninghTextual Document a2nd bExcel Books New Delhic2010 aviii, 441